MARC-detaljer
| 000 -LEADER |
| fixed length control field |
03576cam a2200757 ar4500 |
| 001 - CONTROL NUMBER |
| control field |
8395007 |
| 003 - CONTROL NUMBER IDENTIFIER |
| control field |
LIBRIS |
| 005 - DATE AND TIME OF LATEST TRANSACTION |
| control field |
20210603125822.0 |
| 008 - FIXED-LENGTH DATA ELEMENTS--GENERAL INFORMATION |
| fixed length control field |
020208s2002 sw |||||||||||000 f|swe| |
| 020 ## - INTERNATIONAL STANDARD BOOK NUMBER |
| International Standard Book Number |
9137120891 |
| Qualifying information |
INB. |
| Terms of availability |
134:00 |
| 035 ## - SYSTEM CONTROL NUMBER |
| System control number |
(Bo)242543 |
| 040 ## - CATALOGING SOURCE |
| Original cataloging agency |
NB |
| Description conventions |
a |
| 041 1# - LANGUAGE CODE |
| Language code of text/sound track or separate title |
swe |
| Language code of original |
eng |
| 082 04 - DEWEY DECIMAL CLASSIFICATION NUMBER |
| Classification number |
813 |
| Edition number |
22 (machine generated) |
| 084 ## - OTHER CLASSIFICATION NUMBER |
| Classification number |
Heq.01=c |
| Number source |
kssb/7 |
| 084 ## - OTHER CLASSIFICATION NUMBER |
| Classification number |
Hceeq.01 |
| Number source |
kssb/7 |
| 100 1# - MAIN ENTRY--PERSONAL NAME |
| Personal name |
Proulx, Annie |
| Authority record control number or standard number |
https://libris.kb.se/xv8b7lwg0cc0gq4#it |
| 245 00 - TITLE STATEMENT |
| Title |
Sjöfartsnytt / |
| Statement of responsibility, etc. |
E. Annie Proulx ; översättning: Lena Fries-Gedin. |
| 250 ## - EDITION STATEMENT |
| Edition statement |
[Ny utg.] |
| 264 #1 - PRODUCTION, PUBLICATION, DISTRIBUTION, MANUFACTURE, AND COPYRIGHT NOTICE |
| Place of production, publication, distribution, manufacture |
Stockholm : |
| Name of producer, publisher, distributor, manufacturer |
Forum, |
| Date of production, publication, distribution, manufacture, or copyright notice |
2002 |
| 264 #3 - PRODUCTION, PUBLICATION, DISTRIBUTION, MANUFACTURE, AND COPYRIGHT NOTICE |
| Place of production, publication, distribution, manufacture |
Falun : |
| Name of producer, publisher, distributor, manufacturer |
AIT Falun AB |
| 300 ## - PHYSICAL DESCRIPTION |
| Extent |
366, [2] s. |
| Dimensions |
24 cm |
| 340 ## - PHYSICAL MEDIUM |
| Dimensions |
24 cm |
| 500 ## - GENERAL NOTE |
| General note |
Första svenska uppl. 1996 |
| 500 ## - GENERAL NOTE |
| Institution to which field applies |
Bo |
| General note |
Annan upplaga kan finnas vid biblioteket |
| 500 ## - GENERAL NOTE |
| Institution to which field applies |
Li |
| General note |
Pliktex. |
| 700 1# - ADDED ENTRY--PERSONAL NAME |
| Personal name |
Fries-Gedin, Lena, |
| Dates associated with a name |
1931- |
| Relationship |
trl |
| Authority record control number or standard number |
https://libris.kb.se/20dgbl0l0gf84cr#it |
| 775 0# - OTHER EDITION ENTRY |
| Title |
Sjöfartsnytt |
| Place, publisher, and date of publication |
1996 |
| International Standard Book Number |
91-37-10889-1 |
| Record control number |
7256539 |
| 887 ## - NON-MARC INFORMATION FIELD |
| Content of non-MARC field |
{"@id":"7qjgkgbk20lr8gr","modified":"2016-01-12T13:53:22+01:00","checksum":"102071235038"} |
| Source of data |
librisxl |
| 887 ## - NON-MARC INFORMATION FIELD |
| Content of non-MARC field |
{"@id":"59h4jntb05hml3x","modified":"2014-04-01T10:30:22+02:00","checksum":"58036608644"} |
| Source of data |
librisxl |
| 887 ## - NON-MARC INFORMATION FIELD |
| Content of non-MARC field |
{"@id":"w174cmt20vjhx3d","modified":"2017-02-08T10:39:25+01:00","checksum":"66812076599"} |
| Source of data |
librisxl |
| 887 ## - NON-MARC INFORMATION FIELD |
| Content of non-MARC field |
{"@id":"jntjtbhp4864qd3","modified":"2002-02-25T10:34:52+01:00","checksum":"55822954893"} |
| Source of data |
librisxl |
| 887 ## - NON-MARC INFORMATION FIELD |
| Content of non-MARC field |
{"@id":"z38zcrn431m72k3","modified":"2002-04-16T08:48:30+02:00","checksum":"56286001531"} |
| Source of data |
librisxl |
| 887 ## - NON-MARC INFORMATION FIELD |
| Content of non-MARC field |
{"@id":"7cj7nr3d49k86qx","modified":"2009-12-14T19:22:56+01:00","checksum":"51237576136"} |
| Source of data |
librisxl |
| 887 ## - NON-MARC INFORMATION FIELD |
| Content of non-MARC field |
{"@id":"w16w6b222n5hbn3","modified":"2002-02-18T09:17:38+01:00","checksum":"60520277058"} |
| Source of data |
librisxl |
| 887 ## - NON-MARC INFORMATION FIELD |
| Content of non-MARC field |
{"@id":"pt0p2l1v5n89bvm","modified":"2002-04-02T09:33:56+02:00","checksum":"67223093084"} |
| Source of data |
librisxl |
| 887 ## - NON-MARC INFORMATION FIELD |
| Content of non-MARC field |
{"@id":"04909f555cqjcv0","modified":"2002-02-18T09:18:08+01:00","checksum":"67638711221"} |
| Source of data |
librisxl |
| 887 ## - NON-MARC INFORMATION FIELD |
| Content of non-MARC field |
{"@id":"15b1bg662mlb3wx","modified":"2002-02-18T09:18:23+01:00","checksum":"58217610265"} |
| Source of data |
librisxl |
| 887 ## - NON-MARC INFORMATION FIELD |
| Content of non-MARC field |
{"@id":"7cj7lc4d32qvl6v","modified":"2002-04-04T15:39:17+02:00","checksum":"65989867016"} |
| Source of data |
librisxl |
| 887 ## - NON-MARC INFORMATION FIELD |
| Content of non-MARC field |
{"@id":"sx42m2pz0tk6h3c","modified":"2008-04-22T13:08:10+02:00","checksum":"63540502267"} |
| Source of data |
librisxl |
| 900 1s - EQUIVALENCE OR CROSS-REFERENCE-PERSONAL NAME [LOCAL, CANADA] |
| Linkage |
100 |
| Affiliation |
Proulx, Annie |
| 900 1s - EQUIVALENCE OR CROSS-REFERENCE-PERSONAL NAME [LOCAL, CANADA] |
| Linkage |
700 |
| Dates associated with a name |
1931- |
| Affiliation |
Fries-Gedin, Lena, |
| Dates associated with a name |
1931- |
| 942 ## - ADDED ENTRY ELEMENTS (KOHA) |
| Source of classification or shelving scheme |
Other/Generic Classification Scheme |
| Koha item type |
Bok |